<?xml version="1.0" encoding="UTF-8"?>
<record
    xmlns:xsi="http://www.w3.org/2001/XMLSchema-instance"
    xsi:schemaLocation="http://www.loc.gov/MARC21/slim http://www.loc.gov/standards/marcxml/schema/MARC21slim.xsd"
    xmlns="http://www.loc.gov/MARC21/slim">

  <leader>00378nam a22001577a 4500</leader>
  <controlfield tag="003">OSt</controlfield>
  <controlfield tag="005">20231219071130.0</controlfield>
  <controlfield tag="008">220829b        xxu||||| |||| 00| 0 eng d</controlfield>
  <datafield tag="020" ind1=" " ind2=" ">
    <subfield code="a">8180545873</subfield>
  </datafield>
  <datafield tag="040" ind1=" " ind2=" ">
    <subfield code="c">IIMT UNIVERSITY</subfield>
  </datafield>
  <datafield tag="100" ind1=" " ind2=" ">
    <subfield code="a">SONI,P.L.</subfield>
  </datafield>
  <datafield tag="245" ind1=" " ind2=" ">
    <subfield code="a">TEXT BOOK OF ORGANIC CHEMISTRY</subfield>
  </datafield>
  <datafield tag="260" ind1=" " ind2=" ">
    <subfield code="a">NEW DELHI</subfield>
    <subfield code="b">SULTAN CHAND </subfield>
    <subfield code="c">2022</subfield>
  </datafield>
  <datafield tag="300" ind1=" " ind2=" ">
    <subfield code="a">A-174</subfield>
  </datafield>
  <datafield tag="942" ind1=" " ind2=" ">
    <subfield code="2">ddc</subfield>
    <subfield code="c">01</subfield>
  </datafield>
  <datafield tag="999" ind1=" " ind2=" ">
    <subfield code="c">55524</subfield>
    <subfield code="d">55524</subfield>
  </datafield>
  <datafield tag="952" ind1=" " ind2=" ">
    <subfield code="0">0</subfield>
    <subfield code="1">0</subfield>
    <subfield code="2">ddc</subfield>
    <subfield code="4">0</subfield>
    <subfield code="7">0</subfield>
    <subfield code="a">02</subfield>
    <subfield code="b">02</subfield>
    <subfield code="d">2022-08-29</subfield>
    <subfield code="e">ARISTA</subfield>
    <subfield code="g">795.00</subfield>
    <subfield code="i">HO/IN/64(11/08/2022)</subfield>
    <subfield code="o">547(SON)</subfield>
    <subfield code="p">02-B-13218</subfield>
    <subfield code="r">2022-08-29</subfield>
    <subfield code="w">2022-08-29</subfield>
    <subfield code="y">06</subfield>
  </datafield>
  <datafield tag="952" ind1=" " ind2=" ">
    <subfield code="0">0</subfield>
    <subfield code="1">0</subfield>
    <subfield code="2">ddc</subfield>
    <subfield code="4">0</subfield>
    <subfield code="7">0</subfield>
    <subfield code="a">02</subfield>
    <subfield code="b">02</subfield>
    <subfield code="d">2022-08-29</subfield>
    <subfield code="e">ARISTA</subfield>
    <subfield code="g">795.00</subfield>
    <subfield code="i">HO/IN/64(11/08/2022)</subfield>
    <subfield code="l">0</subfield>
    <subfield code="o">547(SON)</subfield>
    <subfield code="p">02-B-13219</subfield>
    <subfield code="r">2022-08-29</subfield>
    <subfield code="w">2022-08-29</subfield>
    <subfield code="y">01</subfield>
  </datafield>
  <datafield tag="952" ind1=" " ind2=" ">
    <subfield code="0">0</subfield>
    <subfield code="1">0</subfield>
    <subfield code="2">ddc</subfield>
    <subfield code="4">0</subfield>
    <subfield code="7">0</subfield>
    <subfield code="a">02</subfield>
    <subfield code="b">02</subfield>
    <subfield code="d">2022-08-29</subfield>
    <subfield code="e">ARISTA</subfield>
    <subfield code="g">795.00</subfield>
    <subfield code="i">HO/IN/64(11/08/2022)</subfield>
    <subfield code="l">1</subfield>
    <subfield code="o">547(SON)</subfield>
    <subfield code="p">02-B-13220</subfield>
    <subfield code="r">2024-04-13</subfield>
    <subfield code="s">2024-02-23</subfield>
    <subfield code="w">2022-08-29</subfield>
    <subfield code="y">01</subfield>
  </datafield>
  <datafield tag="952" ind1=" " ind2=" ">
    <subfield code="0">0</subfield>
    <subfield code="1">0</subfield>
    <subfield code="2">ddc</subfield>
    <subfield code="4">0</subfield>
    <subfield code="7">0</subfield>
    <subfield code="a">02</subfield>
    <subfield code="b">02</subfield>
    <subfield code="d">2022-08-29</subfield>
    <subfield code="e">ARISTA</subfield>
    <subfield code="g">795.00</subfield>
    <subfield code="i">HO/IN/64(11/08/2022)</subfield>
    <subfield code="l">0</subfield>
    <subfield code="o">547(SON)</subfield>
    <subfield code="p">02-B-13221</subfield>
    <subfield code="r">2022-08-29</subfield>
    <subfield code="w">2022-08-29</subfield>
    <subfield code="y">01</subfield>
  </datafield>
  <datafield tag="952" ind1=" " ind2=" ">
    <subfield code="0">0</subfield>
    <subfield code="1">0</subfield>
    <subfield code="2">ddc</subfield>
    <subfield code="4">0</subfield>
    <subfield code="7">0</subfield>
    <subfield code="a">02</subfield>
    <subfield code="b">02</subfield>
    <subfield code="d">2022-08-29</subfield>
    <subfield code="e">ARISTA</subfield>
    <subfield code="g">795.00</subfield>
    <subfield code="i">HO/IN/64(11/08/2022)</subfield>
    <subfield code="l">1</subfield>
    <subfield code="o">547(SON)</subfield>
    <subfield code="p">02-B-13222</subfield>
    <subfield code="r">2025-10-16</subfield>
    <subfield code="s">2025-09-29</subfield>
    <subfield code="w">2022-08-29</subfield>
    <subfield code="y">01</subfield>
  </datafield>
</record>
